Cunningham report : Report of a Tour in Bihar and Bengal in 1879-80, Vol.- 15 / (Record no. 21723)

MARC details
000 -LEADER
fixed length control field 03028cam a22003494a 4500
001 - CONTROL NUMBER
control field 15427640
003 - CONTROL NUMBER IDENTIFIER
control field BDDh-ASL
005 - DATE AND TIME OF LATEST TRANSACTION
control field 20231015030031.0
008 - FIXED-LENGTH DATA ELEMENTS--GENERAL INFORMATION
fixed length control field 080826n 18uuii ab b 001 0 eng
010 ## - LIBRARY OF CONGRESS CONTROL NUMBER
LC control number 2008331476
025 ## - OVERSEAS ACQUISITION NUMBER
Overseas acquisition number I-E-2008-331476; 61-92
037 ## - SOURCE OF ACQUISITION
Source of stock number/acquisition Library of Congress -- New Delhi Overseas Office
Terms of availability Rs5950.00 (set)
040 ## - CATALOGING SOURCE
Original cataloging agency DLC
Transcribing agency DLC
Modifying agency DLC
-- BDDh-ASL
042 ## - AUTHENTICATION CODE
Authentication code lcode
043 ## - GEOGRAPHIC AREA CODE
Geographic area code a-ii---
050 00 - LIBRARY OF CONGRESS CALL NUMBER
Classification number DS418
Item number .C87 2000
082 ## - DEWEY DECIMAL CLASSIFICATION NUMBER
Classification number 954.54
Item number REP
100 1# - MAIN ENTRY--PERSONAL NAME
Personal name Cunningham, Alexander,
Titles and words associated with a name Sir,
Dates associated with a name 1814-1893.
245 10 - TITLE STATEMENT
Title Cunningham report : Report of a Tour in Bihar and Bengal in 1879-80, Vol.- 15 /
260 ## - PUBLICATION, DISTRIBUTION, ETC.
Place of publication, distribution, etc. New Delhi :
Name of publisher, distributor, etc. Archaeological Survey of India,
Date of publication, distribution, etc. 18uu?.
300 ## - PHYSICAL DESCRIPTION
Extent v-15 :
Other physical details ill., maps ;
Dimensions 25 cm.
500 ## - GENERAL NOTE
General note Cover title.
500 ## - GENERAL NOTE
General note At head of title: Archaeological Survey of India.
500 ## - GENERAL NOTE
General note Originally published: 19th cent.
504 ## - BIBLIOGRAPHY, ETC. NOTE
Bibliography, etc. note Includes bibliographical references and index
505 0# - FORMATTED CONTENTS NOTE
Formatted contents note v. 1-2. Four reports made during the years 1862-63-64-65 -- v. 3. Report for the year 1871-72 -- v. 4. Report for the year 1871-72 : Delhi, Agra -- v. 5. Report for the year 1872-73 -- v. 6. Report of a tour in eastern Rajpurana in 1871-72 and 1872-73 / by A.C.L. Carlleyle -- v. 7. Report of a tour in Bundelkhand and Malwa, 1871-72 and in the Central Provinces, 1873-74 -- v. 8. Report of a tour through the Bengal provinces of Patna, Gaya, Mongir, and Bhagalpur, the Santal Parganas, Manbhum, Singhbhum & Birbhum, Bankura, Raniganj, Bardwan, and Hughli -- v. 9. Report of a tour in the Central Provinces in 1873-74 and 1874-75 -- v. 10. Report of tours in Bundelkhand and Malwa, in 1874-75 and 1876-77 -- v. 11. Report of tours in the Gangetic provinces from Badaon to Bihar in 1875-76 and 1877-78 -- v. 12. Report of tours in the central Doab and Gorakhpur in 1874-75 and 1875-76 -- v. 13. Report of tours in the south-eastern provinces in 1874-75 and 1875-76 -- v. 14. Report of a tour in the Punjab in 1878-79 -- v. 15. Report of a tour in Bihar and Bengal in 1879-80 -- v. 16. Report of tours in north and south Bihar in 1880-81 -- v. 17. Report of a tour in the Central Provinces and lower Gangetic Doab in 1881-82 -- v. 18. Report of a tour in the Gorakhpur District in 1875-76 and 1876-77 / by A.C.L. Carlleyle -- v. 19. Report of a tour through Behar, central India, Peshawar, and Yusufzai in 1881-82 -- v. 20. Report of a tour in eastern Rajputana in 1882-83 -- v. 21. Reports of a tour in Bundelkhand and Rewa in 1883-84 and of a tour in Rewa, Bundelkhand, Malwa, and Gwalior in 1884-85 -- v. 22. Report of tours in Gorakhpur, Saran, and Ghazipur in 1877-78-79 and 80 -- v. 23. Report of a tour in the Panjab and Rajputana in 1883-84 -- v. 24. General index to the reports of the Archaeological Survey of India.
651 #0 - SUBJECT ADDED ENTRY--GEOGRAPHIC NAME
Geographic name India
General subdivision Antiquities.
710 2# - ADDED ENTRY--CORPORATE NAME
Corporate name or jurisdiction name as entry element Archaeological Survey of India.
906 ## - LOCAL DATA ELEMENT F, LDF (RLIN)
a 7
b cbc
c origode
d 3
e ncip
f 20
g y-gencatlg
942 ## - ADDED ENTRY ELEMENTS (KOHA)
Source of classification or shelving scheme Dewey Decimal Classification
Koha item type Books
Holdings
Withdrawn status Lost status Source of classification or shelving scheme Damaged status Not for loan Collection code Home library Current library Shelving location Date acquired Source of acquisition Serial Enumeration / chronology Total Checkouts Full call number Barcode Date last seen Copy number Price effective from Koha item type Public note
    Dewey Decimal Classification     Non-fiction Asiatic Society Library Asiatic Society Library General Stacks 02/11/2021 ASB Library Collections V-15   954.54 REP 105645 02/11/2021 C-1 02/11/2021 Books RARE

Powered by Koha